Maailman suurimmat 4-kirjaimiset kaupungit - Statistics

Yleistilastot
  • Tätä visaa on pelattu 506 kertaa
  • Keskiarvotulos 9 / 20
Vastaustilastot
Väkiluku Valtio Kaupunki % Oikein
25,2 milj. Etelä-Korea Soul
94%
12,0 milj. Peru Lima
91%
2,38 milj. Itävalta Wien
80%
2,65 milj. Qatar Doha
74%
2,05 milj. Ranska Lyon
73%
7,70 milj. Saudi-Arabia Riad
70%
3,73 milj. Azerbaidžan Baku
69%
2,28 milj. Palestiina Gaza
55%
13,4 milj. Kiina Xi’an
51%
2,63 milj. Togo Lomé
36%
5,35 milj. Nigeria Kano
32%
2,98 milj. Kolumbia Cali
30%
2,63 milj. Intia Agra
26%
1,64 milj. Algeria Oran
25%
8,00 milj. Intia Pune
24%
2,80 milj. Filippiinit Cebu
22%
2,30 milj. Meksiko León
13%
1,85 milj. Kiina Wuhu
8%
2,70 milj. Kiina Yiwu
6%
3,98 milj. Kiina Zibo
6%
Ehtoja vastaavia visoja ei löytynyt
Tulosjakauma
Jokaisen tuloksen saaneiden osuus
Persentiili vastausten määrän mukaan
Tuloshistoriasi
Et ole pelannut tätä visaa